00782cam a22002531 4500001001300000003000400013005001700017008004100034010001700075035001900092040001900111042001200130050002200142100003700164245003900201260003000240300004000270410008200310504002600392650003800418650002600456740002900482999001700511gs 50000250 DLC20260227111356.0781122s1950 msua s000 0 eng  ags 50000250  a(OCoLC)4393297 aDLCcMsSMdDLC apremarc00aQE129b.A2 no. 691 aMellen, Frederic Francis,d1911-10aStatus of Fearn Springs formation. aUniversity, Miss.,c1950. a20 p.billus., fold. diagr.c23 cm.20aMississippi Geological, Economic, and Topographical SurveytBulletin,vno. 69 a"References": p. 20. 0aGeology, StratigraphicyTertiary. 0aGeologyzMississippi.0 aFearn Springs formation. c28496d28496